| 000 | 00431nam a2200169 a 4500 | ||
|---|---|---|---|
| 005 | 20140310183208.0 | ||
| 008 | 030424s19uu xx 00 eng d | ||
| 020 | _a0451526341 | ||
| 050 |
_aPR 6029 _b.Or79 1996 |
||
| 100 | _aOrwell, George | ||
| 245 |
_aAnimal Farm / _cGeorge Orwell. |
||
| 260 |
_aNew York : _bPenguin Books, _c1996. |
||
| 300 |
_a140 p. : _c18 cm. |
||
| 650 | _aFiction | ||
| 942 |
_cBK _2lcc |
||
| 999 |
_c20038 _d20038 |
||